[Event "AUT-chT2O 2425"]
[Site "Austria"]
[Date "2024.10.13"]
[Round "3.3"]
[White "Pyrig, Roman"]
[Black "Gratze, Michael"]
[Result "1-0"]
[WhiteElo "2396"]
[BlackElo "2004"]
[PlyCount "67"]
[EventDate "2024.10.11"]
[EventType "team-tourn"]
[EventRounds "11"]
[EventCountry "AUT"]
[SourceTitle "CB42_2024"]
[Source "ChessBase"]
[SourceDate "2024.10.16"]
[SourceVersion "1"]
[SourceVersionDate "2024.10.16"]
[SourceQuality "1"]
[WhiteTeam "Wien Austria"]
[BlackTeam "Pamhagen II"]
[WhiteTeamCountry "AUT"]
[BlackTeamCountry "AUT"]

1. d4 Nf6 2. c4 g6 3. h4 c5 4. d5 d6 5. Nc3 e6 6. e4 exd5 7. cxd5 Bg7 8. f3 h5 9. Bg5 a6 10. a4 Qa5 11. Nge2 Nbd7 12. Kf2 Ne5 13. Nc1 c4 14. Be2 b5 15. Qd2 b4 16. Nd1 Bd7 17. Na2 Rb8 18. Ne3 c3 19. bxc3 b3 20. Nb4 Qb6 21. a5 Qa7 22. Rhb1 0-0 23. Rxb3 Bb5 24. Rab1 Nfd7 25. Bxb5 axb5 26. Nc6 Nxc6 27. dxc6 Ne5 28. Rxb5 Rxb5 29. Rxb5 f5 30. exf5 gxf5 31. Bf4 Qe7 32. g3 Ng4+ 33. fxg4 fxg4 34. Qd5+ 1-0

[Event "Vienna Ottakring 100 Years"]
[Site "Vienna"]
[Date "2023.09.02"]
[Round "8"]
[White "Hoegl, Emanuel"]
[Black "Gratze, Michael"]
[Result "1-0"]
[WhiteElo "2083"]
[BlackElo "1926"]
[PlyCount "84"]
[EventDate "2023.08.26"]
[EventType "swiss"]
[EventRounds "9"]
[EventCountry "AUT"]
[SourceTitle "CBM 216 Extra"]
[Source "ChessBase"]
[SourceDate "2023.11.30"]
[SourceVersion "1"]
[SourceVersionDate "2023.11.30"]
[SourceQuality "1"]

1. d4 Nf6 2. c4 e6 3. Nf3 c5 4. d5 b5 5. Bg5 exd5 6. cxd5 h6 7. Bxf6 Qxf6 8. Qc2 d6 9. e4 a6 10. Be2 g6 11. 0-0 Nd7 12. a4 b4 13. Nbd2 Bg7 14. Nc4 0-0 15. Rad1 Re8 16. Bd3 a5 17. b3 Ba6 18. Rfe1 Bxc4 19. Bxc4 Ne5 20. Nd2 Ng4 21. Nf1 Qh4 22. h3 Nf6 23. Nd2 g5 24. Bf1 g4 25. g3 Qh5 26. h4 Qg6 27. Bd3 Qh5 28. Nc4 Nd7 29. Nxd6 Ne5 30. Be2 Bf6 31. Nf5 Nf3+ 32. Bxf3 gxf3 33. d6 Kh8 34. d7 Rg8 35. Qd3 Rad8 36. Kh2 Bxh4 37. Nxh4 Rg4 38. Kh3 Rdg8 39. Rg1 Rd8 40. Qd6 Rg6 41. Qf4 c4 42. Rd5 Rg5 1-0

[Event "Skalica op-A"]
[Site "Skalica"]
[Date "2022.08.28"]
[Round "9"]
[White "Sosovickova, Jana"]
[Black "Gratze, Michael"]
[Result "1-0"]
[WhiteElo "2046"]
[BlackElo "1948"]
[PlyCount "70"]
[EventDate "2022.08.20"]
[EventType "swiss"]
[EventRounds "9"]
[EventCountry "SVK"]
[SourceTitle "CBM 209 Extra"]
[Source "ChessBase"]
[SourceDate "2022.09.30"]
[SourceVersion "1"]
[SourceVersionDate "2022.09.30"]
[SourceQuality "1"]

1. e4 c5 2. Nf3 d6 3. d4 cxd4 4. Nxd4 Nf6 5. Nc3 a6 6. f3 g6 7. Be3 b5 8. a3 Bb7 9. Be2 Nbd7 10. 0-0 Rc8 11. a4 b4 12. Na2 a5 13. c3 bxc3 14. Nxc3 Bg7 15. Qd2 0-0 16. Ncb5 Nc5 17. Ra3 Nfd7 18. Na7 Ra8 19. Nac6 Bxc6 20. Nxc6 Qe8 21. Nxa5 Nb6 22. Bb5 Qb8 23. b4 Ne6 24. Nc6 Qb7 25. Nxe7+ Qxe7 26. Bxb6 Rfb8 27. Ba5 Nd4 28. Rd3 Qe5 29. Rd1 Nxb5 30. axb5 Qxb5 31. Rxd6 Bf8 32. Rd5 Qa4 33. Rd7 Bxb4 34. Qd5 Kg7 35. e5 Kh6 1-0

[Event "Vsetin op 44th"]
[Site "Vsetin"]
[Date "2019.07.02"]
[Round "4"]
[White "Gratze, Michael"]
[Black "Kovarik, Matyas"]
[Result "1-0"]
[WhiteElo "2037"]
[BlackElo "1909"]
[PlyCount "69"]
[EventDate "2019.06.29"]
[EventType "swiss"]
[EventRounds "9"]
[EventCountry "CZE"]
[SourceTitle "CBM 191 Extra"]
[Source "ChessBase"]
[SourceDate "2019.09.30"]
[SourceVersion "1"]
[SourceVersionDate "2019.09.30"]
[SourceQuality "1"]

1. d4 Nf6 2. Nc3 d5 3. Bf4 Bf5 4. f3 e6 5. g4 Bg6 6. h4 h5 7. g5 Nfd7 8. e3 a6 9. Nge2 c5 10. Bg3 Nc6 11. Nf4 Bf5 12. e4 dxe4 13. fxe4 Bg4 14. Be2 cxd4 15. Bxg4 dxc3 16. Bxh5 cxb2 17. Rb1 Qa5+ 18. Kf1 Qxa2 19. Bxf7+ Kxf7 20. Qxd7+ Be7 21. g6+ Kf6 22. Nd5+ Kxg6 23. Qxe6+ Kh7 24. Nf6+ Bxf6 25. Qxa2 Nb4 26. Qb3 Nxc2 27. Qxc2 Rac8 28. Rxb2 Rxc2 29. Rxc2 Ra8 30. e5 Bd8 31. Ke2 b5 32. Rhc1 a5 33. Rc8 Rxc8 34. Rxc8 Be7 35. Kd3 1-0

[Event "Belgrade Trophy 32nd"]
[Site "Belgrade"]
[Date "2018.12.02"]
[Round "9"]
[White "Stankovic, Milos M"]
[Black "Gratze, Michael"]
[Result "1-0"]
[WhiteElo "2133"]
[BlackElo "1923"]
[PlyCount "25"]
[EventDate "2018.11.24"]
[EventType "swiss"]
[EventRounds "9"]
[EventCountry "SRB"]
[SourceTitle "CBM 187 Extra"]
[Source "ChessBase"]
[SourceDate "2018.11.04"]
[SourceVersion "1"]
[SourceVersionDate "2018.11.04"]
[SourceQuality "1"]

1. d4 Nf6 2. c4 g6 3. Nc3 Bg7 4. e4 d6 5. f3 0-0 6. Be3 Nc6 7. Nge2 a6 8. Qd2 Na5 9. Ng3 b5 10. b3 c5 11. cxb5 axb5 12. Rc1 b4 13. Nb5 1-0

[Event "Belgrade Trophy 32nd"]
[Site "Belgrade"]
[Date "2018.12.01"]
[Round "8"]
[White "Gratze, Michael"]
[Black "Jovanovic, Dejan R"]
[Result "1/2-1/2"]
[WhiteElo "1923"]
[BlackElo "2065"]
[PlyCount "105"]
[EventDate "2018.11.24"]
[EventType "swiss"]
[EventRounds "9"]
[EventCountry "SRB"]
[SourceTitle "CBM 187 Extra"]
[Source "ChessBase"]
[SourceDate "2018.11.04"]
[SourceVersion "1"]
[SourceVersionDate "2018.11.04"]
[SourceQuality "1"]

1. e4 e5 2. Nf3 Nc6 3. Nc3 Nf6 4. d4 exd4 5. Nxd4 Nxd4 6. Qxd4 d6 7. Bg5 Be7 8. 0-0-0 0-0 9. e5 Ne8 10. Bxe7 Qxe7 11. Nd5 Qg5+ 12. f4 dxe5 13. Qxe5 Qxe5 14. fxe5 Be6 15. Bc4 Kh8 16. Ne3 Bxc4 17. Nxc4 b5 18. Na5 f6 19. Rhf1 Kg8 20. Nc6 a5 21. Rd7 Ra6 22. Ne7+ Kh8 23. Nd5 c6 24. exf6 Nxf6 25. Nxf6 gxf6 26. Re1 Raa8 27. Ree7 Rfd8 28. Rxh7+ Kg8 29. Rdg7+ Kf8 30. h4 Rd6 31. h5 Rad8 32. b3 f5 33. h6 Rxh6 34. Rf7+ Kg8 35. Rxh6 Kxf7 36. Rxc6 Rd5 37. c4 bxc4 38. bxc4 Re5 39. Kd2 f4 40. Rh6 Rg5 41. Rh2 Rg3 42. Kc2 a4 43. Kb2 a3+ 44. Kc2 Kf6 45. c5 Ke5 46. c6 Kd4 47. Rh3 Rxg2+ 48. Kb3 Rb2+ 49. Kxa3 Rc2 50. Rh6 f3 51. Rf6 Ke3 52. Kb3 Rc1 53. Kb4 1/2-1/2

[Event "Bohumin op 1st"]
[Site "Bohumin"]
[Date "2018.05.27"]
[Round "8"]
[White "Mrazek, Roman"]
[Black "Gratze, Michael"]
[Result "0-1"]
[WhiteElo "1847"]
[BlackElo "1975"]
[PlyCount "48"]
[EventDate "2018.05.20"]
[EventType "swiss"]
[EventRounds "8"]
[EventCountry "CZE"]
[SourceTitle "CBM 184 Extra"]
[Source "ChessBase"]
[SourceDate "2018.06.28"]
[SourceVersion "1"]
[SourceVersionDate "2018.06.28"]
[SourceQuality "1"]

1. d4 Nf6 2. c4 g6 3. Nc3 Bg7 4. e4 d6 5. Bg5 0-0 6. Qd2 c5 7. dxc5 dxc5 8. Qxd8 Rxd8 9. e5 Ng4 10. Nd5 Nc6 11. Bxe7 Rxd5 12. cxd5 Nxe7 13. d6 Nc6 14. f4 f6 15. Bc4+ Kf8 16. e6 Bxe6 17. Bxe6 Re8 18. 0-0-0 Rxe6 19. Nh3 Nd4 20. Rhe1 Rxd6 21. Ng1 f5 22. h3 Nf2 23. Rd2 Ne4 24. Rdd1 Bh6 0-1

[Event "Bohumin op 1st"]
[Site "Bohumin"]
[Date "2018.05.26"]
[Round "7"]
[White "Gratze, Michael"]
[Black "Turp, Hueseyin"]
[Result "1-0"]
[WhiteElo "1975"]
[BlackElo "1640"]
[PlyCount "37"]
[EventDate "2018.05.20"]
[EventType "swiss"]
[EventRounds "8"]
[EventCountry "CZE"]
[SourceTitle "CBM 184 Extra"]
[Source "ChessBase"]
[SourceDate "2018.06.28"]
[SourceVersion "1"]
[SourceVersionDate "2018.06.28"]
[SourceQuality "1"]

1. e4 c6 2. d4 d5 3. e5 Bf5 4. h4 h6 5. g4 Be4 6. f3 Bg6 7. h5 Bh7 8. e6 fxe6 9. f4 Qc7 10. Nf3 Nd7 11. Bd3 Bxd3 12. Qxd3 0-0-0 13. Ne5 Nxe5 14. fxe5 c5 15. Be3 c4 16. Qa3 Kb8 17. Nc3 a6 18. 0-0-0 Ka7 19. Nb5+ 1-0

[Event "AUT-chT2O 1718"]
[Site "Austria"]
[Date "2018.04.07"]
[Round "10.3"]
[White "Gratze, Michael"]
[Black "Ly, Daniel"]
[Result "1-0"]
[WhiteElo "2060"]
[BlackElo "2048"]
[PlyCount "53"]
[EventDate "2017.10.21"]
[EventType "team-tourn"]
[EventRounds "11"]
[EventCountry "AUT"]
[SourceTitle "EXT 2019"]
[Source "ChessBase"]
[SourceDate "2018.10.10"]
[SourceVersion "1"]
[SourceVersionDate "2018.10.10"]
[SourceQuality "1"]
[WhiteTeam "Nickelsdorf Blackburne"]
[BlackTeam "Mostarrichi"]
[WhiteTeamCountry "AUT"]
[BlackTeamCountry "AUT"]

1. e4 c5 2. Nf3 d6 3. d4 cxd4 4. Nxd4 Nf6 5. Nc3 a6 6. h3 e5 7. Nde2 Be6 8. g4 h6 9. Bg2 Nc6 10. Be3 b5 11. Ng3 Rc8 12. 0-0 b4 13. Nd5 Bxd5 14. exd5 Na5 15. b3 Nb7 16. a3 bxa3 17. Rxa3 a5 18. f4 Be7 19. Nf5 0-0 20. g5 hxg5 21. fxg5 Ne8 22. Qh5 g6 23. Nh6+ Kg7 24. Qh4 Rxc2 25. Be4 Re2 26. Nxf7 Rxf7 27. Qh6+ 1-0

[Event "AUT-chT2O 1718"]
[Site "Austria"]
[Date "2018.02.25"]
[Round "9.5"]
[White "Druckenthaner, Andreas"]
[Black "Gratze, Michael"]
[Result "1-0"]
[WhiteElo "2266"]
[BlackElo "2060"]
[PlyCount "73"]
[EventDate "2017.10.21"]
[EventType "team-tourn"]
[EventRounds "11"]
[EventCountry "AUT"]
[SourceTitle "EXT 2019"]
[Source "ChessBase"]
[SourceDate "2018.10.10"]
[SourceVersion "1"]
[SourceVersionDate "2018.10.10"]
[SourceQuality "1"]
[WhiteTeam "Austria"]
[BlackTeam "Nickelsdorf Blackburne"]
[WhiteTeamCountry "AUT"]
[BlackTeamCountry "AUT"]

1. e4 c5 2. Nf3 d6 3. Nc3 Nf6 4. g3 Nc6 5. Bg2 g6 6. 0-0 Bg7 7. d3 0-0 8. h3 Bd7 9. Be3 Rb8 10. a4 Ne8 11. d4 cxd4 12. Nxd4 Ne5 13. b3 Rc8 14. Qe1 Nc7 15. f4 Nc6 16. Nxc6 Bxc6 17. Rd1 b6 18. Ne2 Ne6 19. a5 bxa5 20. f5 Nc7 21. Qxa5 Qd7 22. Bd4 Nb5 23. Bxg7 Kxg7 24. c4 Nc7 25. Qxa7 Rb8 26. Qd4+ f6 27. Qe3 Na6 28. Nd4 Nc5 29. g4 Ba8 30. g5 Qb7 31. Rf2 Qb6 32. Rdf1 fxg5 33. Qxg5 Qa7 34. Qe3 Qd7 35. b4 e5 36. bxc5 exd4 37. Qxd4+ 1-0

[Event "Lisbon Portugal rapid op"]
[Site "Lisbon"]
[Date "2018.02.10"]
[Round "8"]
[White "Gratze, Michael"]
[Black "Bulmaga, Irina"]
[Result "0-1"]
[WhiteElo "1968"]
[BlackElo "2411"]
[PlyCount "84"]
[EventDate "2018.02.10"]
[EventType "swiss (rapid)"]
[EventRounds "8"]
[EventCountry "POR"]
[SourceTitle "CBM 182 Extra"]
[Source "ChessBase"]
[SourceDate "2018.02.23"]
[SourceVersion "1"]
[SourceVersionDate "2018.02.23"]
[SourceQuality "1"]

1. e4 c5 2. Nf3 d6 3. d4 cxd4 4. Nxd4 Nf6 5. Nc3 a6 6. h3 e5 7. Nde2 h5 8. Bg5 Be6 9. Bxf6 Qxf6 10. Nd5 Qd8 11. Qd3 Nd7 12. 0-0-0 Nc5 13. Qe3 Be7 14. Nxe7 Qxe7 15. Nc3 Rc8 16. Nd5 Bxd5 17. Rxd5 Ne6 18. c3 0-0 19. g3 b5 20. Kb1 Rc5 21. Be2 Rxd5 22. exd5 Nc7 23. Rd1 g6 24. g4 h4 25. Qh6 Qf6 26. Qe3 Kg7 27. Rf1 Nxd5 28. Qa7 Nf4 29. Bf3 d5 30. Rd1 e4 31. g5 Qxg5 32. Bg4 Qf6 33. f3 Nd3 34. fxe4 dxe4 35. Qe3 Nf2 36. Rd4 Nxg4 37. hxg4 Re8 38. Kc2 Qf3 39. Qg5 e3 40. Rf4 Qxf4 41. Qxf4 e2 42. Qd4+ Kg8 0-1

[Event "Lisbon Portugal rapid op"]
[Site "Lisbon"]
[Date "2018.02.10"]
[Round "3"]
[White "Ortega Amarelle, Mariano"]
[Black "Gratze, Michael"]
[Result "1-0"]
[WhiteElo "2447"]
[BlackElo "1968"]
[PlyCount "55"]
[EventDate "2018.02.10"]
[EventType "swiss (rapid)"]
[EventRounds "8"]
[EventCountry "POR"]
[SourceTitle "CBM 182 Extra"]
[Source "ChessBase"]
[SourceDate "2018.02.23"]
[SourceVersion "1"]
[SourceVersionDate "2018.02.23"]
[SourceQuality "1"]

1. c4 Nf6 2. Nc3 g6 3. e4 d6 4. d4 Bg7 5. Nf3 0-0 6. Be2 e5 7. Be3 Ng4 8. Bg5 f6 9. Bh4 a5 10. h3 Nh6 11. dxe5 dxe5 12. Qxd8 Rxd8 13. Nd5 g5 14. Nxc7 Ra7 15. Bg3 Nc6 16. 0-0 Nd4 17. Nxd4 Rxd4 18. Nb5 Ra6 19. Nxd4 exd4 20. c5 Ra8 21. Bc4+ Kh8 22. Bd6 f5 23. e5 f4 24. e6 Nf5 25. Rfe1 Bf6 26. e7 Bd7 27. Be6 Bxe6 28. Rxe6 1-0

[Event "Lisbon Portugal rapid op"]
[Site "Lisbon"]
[Date "2018.02.10"]
[Round "5"]
[White "To, Nhat Minh"]
[Black "Gratze, Michael"]
[Result "1-0"]
[WhiteElo "2338"]
[BlackElo "1968"]
[PlyCount "69"]
[EventDate "2018.02.10"]
[EventType "swiss (rapid)"]
[EventRounds "8"]
[EventCountry "POR"]
[SourceTitle "CBM 182 Extra"]
[Source "ChessBase"]
[SourceDate "2018.02.23"]
[SourceVersion "1"]
[SourceVersionDate "2018.02.23"]
[SourceQuality "1"]

1. Nf3 Nf6 2. g3 g6 3. Bg2 Bg7 4. 0-0 0-0 5. d4 d6 6. c4 Nc6 7. Nc3 Bg4 8. d5 Na5 9. Qd3 c5 10. e4 Nd7 11. b3 Bxf3 12. Qxf3 a6 13. Bd2 Rb8 14. Qe2 b5 15. cxb5 axb5 16. Rac1 c4 17. b4 Bxc3 18. Bxc3 Nb7 19. a4 bxa4 20. Qxc4 f6 21. Bd4 a3 22. Qb3 Ra8 23. Ra1 Qb8 24. Rxa3 Nbc5 25. bxc5 dxc5 26. Be3 c4 27. Qxb8 Raxb8 28. Ra7 Ne5 29. Rxe7 c3 30. Rc1 Rfc8 31. Bh3 Nd3 32. Bxc8 Rxc8 33. d6 Kf8 34. Bh6+ Kg8 35. d7 1-0

[Event "Lisbon Portugal op"]
[Site "Lisbon"]
[Date "2018.02.04"]
[Round "2"]
[White "Barrento, Jorge Maria Lopes"]
[Black "Gratze, Michael"]
[Result "1-0"]
[WhiteElo "1700"]
[BlackElo "1968"]
[PlyCount "135"]
[EventDate "2018.02.03"]
[EventType "swiss"]
[EventRounds "9"]
[EventCountry "POR"]
[SourceTitle "EXT 2019"]
[Source "ChessBase"]
[SourceDate "2018.10.10"]
[SourceVersion "1"]
[SourceVersionDate "2018.10.10"]
[SourceQuality "1"]

1. Nf3 Nf6 2. b3 g6 3. Bb2 Bg7 4. c4 0-0 5. e3 d6 6. d4 c5 7. Be2 b6 8. 0-0 Bb7 9. Nc3 Na6 10. a3 Qd7 11. Qc2 Rac8 12. d5 e6 13. e4 exd5 14. Nxd5 Nxd5 15. Bxg7 Kxg7 16. exd5 Qe7 17. Rfe1 Qf6 18. Rab1 Rfe8 19. Qb2 Qxb2 20. Rxb2 Re7 21. Rbb1 Nc7 22. Bd3 Rce8 23. Kf1 b5 24. Rxe7 Rxe7 25. Re1 Rxe1+ 26. Kxe1 a6 27. Ng5 f5 28. Nh3 bxc4 29. bxc4 Kf6 30. f4 a5 31. Kd2 h6 32. Kc3 Ba6 33. Nf2 Bc8 34. Bc2 Bd7 35. Kd2 Na8 36. Nd3 Nb6 37. Nb2 Bc8 38. g3 Ba6 39. Bd3 g5 40. Ke3 Bc8 41. Bc2 Bd7 42. Kf3 Be8 43. Ke3 Bh5 44. Bd3 Bf7 45. Kf3 Be8 46. Bc2 Nc8 47. Na4 Bh5+ 48. Ke3 Bg4 49. Nb2 Nb6 50. Bd3 Bh3 51. Be2 Bg2 52. Bf3 Bf1 53. Be2 gxf4+ 54. gxf4 Bh3 55. Kf2 Bg4 56. Bf3 Bxf3 57. Kxf3 Kg6 58. Kg3 Kh5 59. h3 Nd7 60. Na4 Nf6 61. Nc3 Ne4+ 62. Nxe4 fxe4 63. Kf2 Kg6 64. Ke3 Kf5 65. a4 h5 66. h4 Kg4 67. Kxe4 Kxh4 68. Kf3 1-0

[Event "Lisbon Portugal op"]
[Site "Lisbon"]
[Date "2018.02.03"]
[Round "1"]
[White "Gratze, Michael"]
[Black "Nevednichy, Vladislav"]
[Result "0-1"]
[WhiteElo "1968"]
[BlackElo "2551"]
[PlyCount "56"]
[EventDate "2018.02.03"]
[EventType "swiss"]
[EventRounds "9"]
[EventCountry "POR"]
[SourceTitle "CBM 182 Extra"]
[Source "ChessBase"]
[SourceDate "2018.02.23"]
[SourceVersion "1"]
[SourceVersionDate "2018.02.23"]
[SourceQuality "1"]

1. e4 c5 2. Nf3 Nc6 3. Bb5 g6 4. Bxc6 bxc6 5. d3 Bg7 6. Nc3 e5 7. Be3 d6 8. h3 Ne7 9. Qd2 h6 10. Nh2 f5 11. f3 f4 12. Bf2 Be6 13. 0-0 g5 14. a3 a5 15. Ne2 h5 16. b4 g4 17. fxg4 hxg4 18. hxg4 Ng6 19. g3 Qg5 20. gxf4 exf4 21. Bg3 Bxa1 22. Rxa1 axb4 23. Rf1 Bxg4 24. Nxf4 Bh3 25. Qe1 Bxf1 26. Nf3 Qg4 27. e5 Nxf4 28. exd6+ Ne2+ 0-1